<?xml version="1.0" encoding="UTF-8"?>
<record
    xmlns:xsi="http://www.w3.org/2001/XMLSchema-instance"
    xsi:schemaLocation="http://www.loc.gov/MARC21/slim http://www.loc.gov/standards/marcxml/schema/MARC21slim.xsd"
    xmlns="http://www.loc.gov/MARC21/slim">

  <leader>01511cab a2200217 i 4500</leader>
  <controlfield tag="001">768714001</controlfield>
  <controlfield tag="003">CO-MdFUSB</controlfield>
  <controlfield tag="005">20230410162322.0</controlfield>
  <controlfield tag="008">220312b        GT ||||| |||| 00| 0 spa d</controlfield>
  <datafield tag="022" ind1=" " ind2=" ">
    <subfield code="a">1014-9341</subfield>
  </datafield>
  <datafield tag="040" ind1=" " ind2=" ">
    <subfield code="a">CO-MdFUSB</subfield>
    <subfield code="b">spa</subfield>
    <subfield code="c">CO-MdFUSB</subfield>
    <subfield code="d">CO-MdFUSB</subfield>
  </datafield>
  <datafield tag="041" ind1=" " ind2=" ">
    <subfield code="a">spa</subfield>
  </datafield>
  <datafield tag="100" ind1=" " ind2=" ">
    <subfield code="a">Calder&#xF3;n, Carlos, </subfield>
    <subfield code="e">Autor</subfield>
  </datafield>
  <datafield tag="245" ind1=" " ind2=" ">
    <subfield code="a">Comentario exeg&#xE9;tico a 1 Corintios 14 </subfield>
    <subfield code="b">(primera de dos partes) </subfield>
    <subfield code="c">/  Carlos Calder&#xF3;n</subfield>
  </datafield>
  <datafield tag="300" ind1=" " ind2=" ">
    <subfield code="a">N&#xFA;mero 43 (Julio - Diciembre, 2008), p&#xE1;ginas 39-78 </subfield>
    <subfield code="c">; 23 cm</subfield>
  </datafield>
  <datafield tag="520" ind1=" " ind2=" ">
    <subfield code="a">1 Corintios 14 ha llamado la atenci&#xF3;n por las controversias que el ejercicio de algunos dones ha suscitado desde el primer siglo hasta la actualidad. El presente articulo ofrece un comentario exeg&#xE9;tico de este capitulo, donde Pablo regula el uso de los dones de lenguas y profec&#xED;a en el culto comunitario. Pone &#xE9;nfasis especial en el desarrollo del argumento del capitulo y en el an&#xE1;lisis de la controversia en su interpretaci&#xF3;n, a la vez que destaca algunos principios relevantes para el culto hoy. Esta primera parte del articulo versa sobre 1 Corintios 14:1-25, donde Pablo argumenta que en el culto publico la profec&#xED;a debe tener preferencia sobre las lenguas, pues por ser inteligible, es mejor don para la edificaci&#xF3;n y evangelizaci&#xF3;n de los oyentes.</subfield>
  </datafield>
  <datafield tag="630" ind1="0" ind2="7">
    <subfield code="a">Biblia.</subfield>
    <subfield code="x">Cr&#xED;tica, interpretaci&#xF3;n, etc</subfield>
    <subfield code="p">Corintios, 1&#xAA;</subfield>
  </datafield>
  <datafield tag="650" ind1=" " ind2="0">
    <subfield code="9">16</subfield>
    <subfield code="a">Biblia</subfield>
  </datafield>
  <datafield tag="773" ind1=" " ind2=" ">
    <subfield code="0">49489</subfield>
    <subfield code="9">80008</subfield>
    <subfield code="t">Kair&#xF3;s</subfield>
    <subfield code="g">N&#xFA;mero 43 (Julio - Diciembre, 2008), p&#xE1;ginas 39-78</subfield>
    <subfield code="q">p&#xE1;ginas 39</subfield>
  </datafield>
  <datafield tag="942" ind1=" " ind2=" ">
    <subfield code="c">ANA</subfield>
  </datafield>
  <datafield tag="999" ind1=" " ind2=" ">
    <subfield code="c">67464</subfield>
    <subfield code="d">67464</subfield>
  </datafield>
</record>
